[Event "BI-2016-F-0000"]
[Site "LSS email"]
[Date "2016.02.14"]
[Round "?"]
[White "Aguirre, Pedro"]
[Black "Granara Barreto, Sebastian"]
[Result "1/2-1/2"]
[WhiteElo "2014"]
[BlackElo "1869"]
[PlyCount "129"]
[EventDate "2016.02.20"]
[EventType "tourn (corr)"]
[EventRounds "10"]
[EventCountry "GER"]
[SourceTitle "Corr 2022"]
[Source "ChessBase"]
[SourceDate "2021.10.24"]
[SourceVersion "1"]
[SourceVersionDate "2021.10.24"]
[SourceQuality "1"]

1. d4 Nf6 2. Nf3 g6 3. g3 Bg7 4. Bg2 0-0 5. 0-0 d5 6. Nbd2 Ne4 7. c3 Nd6 8. Re1 Nd7 9. e4 dxe4 10. Nxe4 Nxe4 11. Rxe4 Nb6 12. Bg5 Re8 13. Re2 Bf5 14. Qb3 a5 15. a4 Bd3 16. Ree1 Bc4 17. Qc2 Qd7 18. Ne5 Bxe5 19. dxe5 c6 20. b3 Be6 21. c4 Qc7 22. Be3 Nd7 23. f4 Rad8 24. Bf3 f6 25. exf6 exf6 26. Rad1 Bf5 27. Qc3 Be4 28. Bxe4 Rxe4 29. Bf2 Rde8 30. Rxe4 Rxe4 31. Kg2 f5 32. Rd2 c5 33. Qd3 Re7 34. Qd6 Qxd6 35. Rxd6 Kf8 36. Be1 Rxe1 37. Rxd7 Re7 38. Rd6 Ke8 39. Kh3 Re3 40. Rb6 Kd7 41. Rxb7+ Kc6 42. Rb5 Rc3 43. Kh4 Rc2 44. h3 Rc3 45. g4 Rf3 46. Rxa5 Rxf4 47. Kg3 Rd4 48. gxf5 Rd3+ 49. Kf4 gxf5 50. Rb5 Rxh3 51. a5 Rh1 52. Kxf5 Rh2 53. Rb6+ Kc7 54. Ke5 Rh5+ 55. Kf4 Rh1 56. Ke5 Rh5+ 57. Kf4 Rh1 58. Ke4 Rh3 59. Rb5 Kc6 60. Rb6+ Kc7 61. Rb5 Kc6 62. Ke5 Rd3 63. Rb6+ Kc7 64. Rh6 Kb7 65. Rxh7+ 1/2-1/2

[Event "BI-2016-F-0000"]
[Site "LSS email"]
[Date "2016.02.14"]
[Round "?"]
[White "Aguirre, Pedro"]
[Black "Isaacson, David"]
[Result "1/2-1/2"]
[WhiteElo "2014"]
[BlackElo "2060"]
[PlyCount "59"]
[EventDate "2016.02.20"]
[EventType "tourn (corr)"]
[EventRounds "10"]
[EventCountry "GER"]
[SourceTitle "Corr 2022"]
[Source "ChessBase"]
[SourceDate "2021.10.24"]
[SourceVersion "1"]
[SourceVersionDate "2021.10.24"]
[SourceQuality "1"]

1. d4 Nf6 2. Nf3 e6 3. c3 c5 4. e3 d5 5. Bd3 Nc6 6. Nbd2 Bd6 7. 0-0 0-0 8. e4 cxd4 9. cxd4 dxe4 10. Nxe4 Be7 11. Be3 Nd5 12. Rc1 f5 13. Nc5 Qd6 14. Bc4 b6 15. Nd3 Bb7 16. Re1 Bf6 17. a3 Rad8 18. Bg5 Bxg5 19. Nxg5 Nxd4 20. Bxd5 Bxd5 21. Ne5 Qe7 22. Nxh7 Kxh7 23. Qh5+ Kg8 24. Ng6 Qb7 25. Qh8+ Kf7 26. Ne5+ Ke8 27. Qh5+ Rf7 28. Qh8+ Rf8 29. Qh5+ Rf7 30. Qh8+ 1/2-1/2

[Event "BI-2016-F-0000"]
[Site "LSS email"]
[Date "2016.02.14"]
[Round "?"]
[White "Aguirre, Pedro"]
[Black "Vergara Rodriguez, Jose Antonio"]
[Result "1/2-1/2"]
[WhiteElo "2014"]
[BlackElo "1761"]
[PlyCount "95"]
[EventDate "2016.02.20"]
[EventType "tourn (corr)"]
[EventRounds "10"]
[EventCountry "GER"]
[SourceTitle "Corr 2022"]
[Source "ChessBase"]
[SourceDate "2021.10.24"]
[SourceVersion "1"]
[SourceVersionDate "2021.10.24"]
[SourceQuality "1"]

1. d4 Nf6 2. Nf3 g6 3. g3 Bg7 4. Bg2 0-0 5. 0-0 d6 6. Nc3 Nbd7 7. e4 e5 8. h3 exd4 9. Nxd4 Re8 10. Re1 c6 11. Bf4 Nb6 12. Qd3 d5 13. exd5 Nfxd5 14. Nxd5 Nxd5 15. Rxe8+ Qxe8 16. Bd2 Bd7 17. Re1 Qc8 18. Kh2 Nb6 19. c3 h6 20. h4 c5 21. Nc2 Bf5 22. Be4 Bxe4 23. Qxe4 Qd7 24. Bc1 h5 25. Na3 Rc8 26. Qf3 Rd8 27. Bg5 Qd5 28. Qxd5 Rxd5 29. Re8+ Kh7 30. Be3 Na4 31. c4 Rd7 32. b3 Nc3 33. Bxc5 b6 34. Re7 Rxe7 35. Bxe7 Nxa2 36. Kg2 Nc3 37. Kf3 Kg8 38. c5 bxc5 39. Bxc5 Bf8 40. Bd4 Bxa3 41. Bxc3 f5 42. Ke3 Kf7 43. Kd4 Ke6 44. Bd2 Bd6 45. f4 Bc7 46. Bb4 Bd6 47. Bc5 a6 48. Bxd6 1/2-1/2

[Event "BI-2016-F-0000"]
[Site "LSS email"]
[Date "2016.02.14"]
[Round "?"]
[White "Baroin, Bernard"]
[Black "Aguirre, Pedro"]
[Result "1/2-1/2"]
[WhiteElo "2114"]
[BlackElo "2014"]
[PlyCount "79"]
[EventDate "2016.02.20"]
[EventType "tourn (corr)"]
[EventRounds "10"]
[EventCountry "GER"]
[SourceTitle "Corr 2022"]
[Source "ChessBase"]
[SourceDate "2021.10.24"]
[SourceVersion "1"]
[SourceVersionDate "2021.10.24"]
[SourceQuality "1"]

1. e4 e6 2. d4 d5 3. Nc3 Nf6 4. e5 Nfd7 5. f4 c5 6. Nf3 Nc6 7. Be3 Be7 8. dxc5 0-0 9. a3 Bxc5 10. Qd3 f6 11. 0-0-0 fxe5 12. Nxd5 Bxe3+ 13. Nxe3 exf4 14. Nc4 Nf6 15. Qxd8 Rxd8 16. Rxd8+ Nxd8 17. Nce5 b6 18. Bc4 Bb7 19. Rd1 Nd5 20. Bxd5 Bxd5 21. Nd3 Bxf3 22. gxf3 Kf7 23. Nxf4 e5 24. Nd3 Nc6 25. Re1 Kf6 26. Re4 g5 27. Kd2 h5 28. Rc4 Nd4 29. Ke3 Nf5+ 30. Ke2 Nd6 31. Rc7 Rc8 32. Rxc8 Nxc8 33. Nb4 Ke6 34. c4 Nd6 35. Kd3 h4 36. Nd5 e4+ 37. fxe4 Ke5 38. Ne7 Nxc4 39. Kxc4 Kxe4 40. Nd5 1/2-1/2

[Event "BI-2015-P-0000"]
[Site "LSS email"]
[Date "2015.04.16"]
[Round "?"]
[White "Aguirre, Pedro"]
[Black "Giavassopoulos, Tom"]
[Result "1-0"]
[WhiteElo "2002"]
[BlackElo "1596"]
[PlyCount "73"]
[EventDate "2015.04.22"]
[EventType "tourn (corr)"]
[EventRounds "10"]
[EventCountry "GER"]
[SourceTitle "Corr 2022"]
[Source "ChessBase"]
[SourceDate "2021.10.24"]
[SourceVersion "1"]
[SourceVersionDate "2021.10.24"]
[SourceQuality "1"]

1. d4 Nf6 2. Nf3 e6 3. Bg5 Be7 4. Nbd2 0-0 5. e4 c5 6. dxc5 Nc6 7. Bb5 h6 8. Bxf6 Bxf6 9. Bxc6 bxc6 10. e5 Be7 11. b4 a5 12. a3 axb4 13. axb4 Rxa1 14. Qxa1 Qc7 15. 0-0 Bb7 16. Nc4 Ra8 17. Qd4 Ra2 18. Ra1 Rxa1+ 19. Qxa1 f6 20. Qd4 Bc8 21. g3 fxe5 22. Nfxe5 Qb7 23. Nb6 Bf6 24. Qd6 Bxe5 25. Qxe5 Kh7 26. Qe4+ g6 27. Qf4 Kg7 28. Qe5+ Kh7 29. Qf6 Qa6 30. Qf7+ Kh8 31. Qf8+ Kh7 32. Nxc8 Qa1+ 33. Kg2 Qd4 34. Ne7 Qe4+ 35. Kh3 h5 36. Qf7+ Kh8 37. Qg8# 1-0

[Event "BI-2015-P-0000"]
[Site "LSS email"]
[Date "2015.04.16"]
[Round "?"]
[White "Aguirre, Pedro"]
[Black "Kazimierski, Tomasz"]
[Result "1-0"]
[WhiteElo "2002"]
[BlackElo "2131"]
[PlyCount "159"]
[EventDate "2015.04.22"]
[EventType "tourn (corr)"]
[EventRounds "10"]
[EventCountry "GER"]
[SourceTitle "Corr 2022"]
[Source "ChessBase"]
[SourceDate "2021.10.24"]
[SourceVersion "1"]
[SourceVersionDate "2021.10.24"]
[SourceQuality "1"]

1. d4 Nf6 2. Nf3 d5 3. c4 e6 4. Bg5 dxc4 5. Nc3 a6 6. a4 c5 7. Bxf6 Qxf6 8. d5 Nd7 9. e4 Bd6 10. dxe6 Qxe6 11. Bxc4 Qe7 12. 0-0 0-0 13. Qb3 Rb8 14. Nd5 Qd8 15. Rad1 Ne5 16. Rd2 Be6 17. Rfd1 b5 18. Be2 c4 19. Qc2 Nxf3+ 20. Bxf3 Bc5 21. g3 Qa5 22. axb5 axb5 23. e5 Qa4 24. Qb1 b4 25. Qe4 Qb3 26. Be2 Rfc8 27. Bg4 Bxg4 28. Qxg4 Kh8 29. Kg2 c3 30. Qf3 h6 31. h3 Qa4 32. bxc3 b3 33. Rb1 Ba3 34. c4 b2 35. Ne3 Rc7 36. Qd5 Qa6 37. Qe4 Rcc8 38. Rd3 Qa4 39. Rd5 Bf8 40. Rd2 Ba3 41. Qg4 Rc7 42. Kh2 Kg8 43. Nf5 g6 44. Ne3 Qa5 45. Re2 Qa6 46. Qf4 g5 47. Qf3 Rb3 48. Qd5 Kh7 49. Qd1 Rcb7 50. Qc2+ Qg6 51. Nf5 h5 52. g4 Kh8 53. Qe4 Bf8 54. Kg2 R3b6 55. f3 h4 56. Rc2 Ba3 57. c5 Rc6 58. Qa4 Ra6 59. Qd4 Kh7 60. Qd3 Rc7 61. e6 Ra8 62. exf7 Rxf7 63. c6 Rc7 64. Rc3 Bf8 65. Rxb2 Kh8 66. Rb7 Ra2+ 67. Kf1 Ra1+ 68. Kf2 Qe6 69. Qe4 Qf6 70. Qd4 Qxd4+ 71. Nxd4 Rc8 72. c7 Bd6 73. Rb8 Bg3+ 74. Ke3 Re1+ 75. Ne2 Rxb8 76. cxb8Q+ Bxb8 77. Rc8+ Kg7 78. Rxb8 Kf6 79. Rb5 Rh1 80. Nc3 1-0

[Event "BI-2015-P-0000"]
[Site "LSS email"]
[Date "2015.04.16"]
[Round "?"]
[White "Sierzega, Jan"]
[Black "Aguirre, Pedro"]
[Result "1-0"]
[WhiteElo "1214"]
[BlackElo "2002"]
[PlyCount "107"]
[EventDate "2015.04.22"]
[EventType "tourn (corr)"]
[EventRounds "10"]
[EventCountry "GER"]
[SourceTitle "Corr 2022"]
[Source "ChessBase"]
[SourceDate "2021.10.24"]
[SourceVersion "1"]
[SourceVersionDate "2021.10.24"]
[SourceQuality "1"]

1. e4 e6 2. d4 d5 3. Nd2 Nf6 4. e5 Nfd7 5. Bd3 c5 6. c3 Nc6 7. Ne2 cxd4 8. cxd4 f6 9. exf6 Nxf6 10. Nf3 Bd6 11. 0-0 0-0 12. Bf4 Bxf4 13. Nxf4 Qd6 14. g3 Qb4 15. b3 Bd7 16. Re1 Rae8 17. Rc1 Qb6 18. h4 g6 19. Bf1 Ne4 20. Qd3 Nb4 21. Qe2 Nc6 22. Qe3 Ne7 23. Qd3 Nf5 24. Bh3 Bb5 25. Qd1 a6 26. Kg2 Ng7 27. Bg4 Nf5 28. Rc2 Rf7 29. Bxf5 Rxf5 30. Ne5 Ref8 31. Ng4 Rxf4 32. gxf4 Qd8 33. Rh1 h5 34. Ne5 Be8 35. Qc1 Nd6 36. Rh3 Nf5 37. Rc8 Nxh4+ 38. Kh2 Qf6 39. Rg3 Kh7 40. Rc7+ Kg8 41. Rxb7 Nf5 42. Qc7 Bf7 43. Rh3 Nh6 44. Kg2 Qf5 45. Rg3 Ng4 46. Nxg4 hxg4 47. Qe5 Qe4+ 48. Qxe4 dxe4 49. Re3 Rd8 50. Rc3 Be8 51. Kg3 Kf8 52. Rcc7 a5 53. Kxg4 a4 54. Kg5 1-0

[Event "CP-2014-P-00020"]
[Site "LSS email"]
[Date "2014.09.30"]
[Round "?"]
[White "Aguirre, Pedro"]
[Black "Pehl, Ferenc"]
[Result "1-0"]
[WhiteElo "2001"]
[BlackElo "1022"]
[PlyCount "51"]
[EventDate "2014.10.01"]
[EventType "tourn (corr)"]
[EventRounds "6"]
[EventCountry "GER"]
[SourceTitle "Corr 2022"]
[Source "ChessBase"]
[SourceDate "2021.10.24"]
[SourceVersion "1"]
[SourceVersionDate "2021.10.24"]
[SourceQuality "1"]

1. d4 d5 2. c4 e6 3. Nc3 Nf6 4. Bg5 Be7 5. e3 h6 6. Bh4 0-0 7. Nf3 Nc6 8. Bd3 Nb4 9. Be2 Nc6 10. 0-0 a6 11. Rc1 dxc4 12. Bxc4 Nd5 13. Bxe7 Ndxe7 14. a3 Nd5 15. e4 Nxc3 16. Rxc3 Rb8 17. Re1 Qd7 18. d5 exd5 19. exd5 Ne7 20. Ne5 Qd6 21. Ba2 Rd8 22. Qh5 Rf8 23. Rf3 f6 24. Nc4 Qd7 25. d6 cxd6 26. Nb6+ 1-0

[Event "CP-2014-P-00020"]
[Site "LSS email"]
[Date "2014.09.30"]
[Round "?"]
[White "Bogomolov, Alexander"]
[Black "Aguirre, Pedro"]
[Result "1/2-1/2"]
[WhiteElo "1906"]
[BlackElo "2001"]
[PlyCount "97"]
[EventDate "2014.10.01"]
[EventType "tourn (corr)"]
[EventRounds "6"]
[EventCountry "GER"]
[SourceTitle "Corr 2022"]
[Source "ChessBase"]
[SourceDate "2021.10.24"]
[SourceVersion "1"]
[SourceVersionDate "2021.10.24"]
[SourceQuality "1"]

1. e4 e6 2. d4 d5 3. Nc3 Nf6 4. Bg5 Be7 5. e5 Nfd7 6. h4 c5 7. Bxe7 Kxe7 8. Nf3 cxd4 9. Qxd4 Nc6 10. Qf4 Qc7 11. 0-0-0 Ndxe5 12. Kb1 Qb8 13. Re1 Nxf3 14. Qxf3 Rd8 15. Nxd5+ Kf8 16. Nc3 a6 17. Qh5 h6 18. g4 Qf4 19. g5 e5 20. Re4 Qf5 21. Bd3 Qg6 22. Qxg6 fxg6 23. Re3 Bf5 24. h5 hxg5 25. hxg6 Bxd3 26. cxd3 Ke7 27. Ne4 g4 28. a3 Rh8 29. Rh7 Rxh7 30. gxh7 Rh8 31. Rg3 Rxh7 32. Rxg4 Nd4 33. Nc5 b5 34. Rg5 Nf3 35. Rg3 Nd4 36. Nxa6 Ne2 37. Rg6 Kf7 38. Rd6 Rh1+ 39. Kc2 Nd4+ 40. Kc3 Rf1 41. Rd5 Rc1+ 42. Kb4 Ke6 43. Rc5 Rb1 44. Nc7+ Kd6 45. Nxb5+ Nxb5 46. Rxb5 Rxb2+ 47. Kc4 Rc2+ 48. Kb3 Rxf2 49. Rb8 1/2-1/2

[Event "LSS CP-2009-P-00048"]
[Site "LSS email"]
[Date "2009.09.27"]
[Round "?"]
[White "Kelbl, Jiri"]
[Black "Aguirre, Pedro"]
[Result "0-1"]
[WhiteElo "1576"]
[BlackElo "1963"]
[PlyCount "126"]
[EventDate "2009.10.01"]
[EventType "tourn (corr)"]
[EventRounds "6"]
[EventCountry "GER"]
[SourceTitle "Corr 2024"]
[Source "ChessBase"]
[SourceDate "2023.10.19"]
[SourceVersion "1"]
[SourceVersionDate "2023.10.19"]
[SourceQuality "1"]

1. e4 d6 2. d4 Nf6 3. Nc3 Nbd7 4. f4 e5 5. Nf3 exd4 6. Qxd4 c6 7. Be3 d5 8. exd5 Bc5 9. Qd3 Qe7 10. Kd2 Bb4 11. dxc6 Bxc3+ 12. bxc3 bxc6 13. Re1 Ne4+ 14. Kc1 0-0 15. c4 Re8 16. g3 c5 17. Bg2 Bb7 18. Ng5 Ndf6 19. Bxe4 Bxe4 20. Bxc5 Qb7 21. Nxe4 Nxe4 22. Bd4 Rab8 23. Qb3 Qc6 24. Qd3 Qb7 25. Qb3 Qc8 26. Qa4 Re6 27. c3 Nc5 28. Bxc5 Ra6 29. Qc2 Qxc5 30. Re5 Qxc4 31. Rhe1 g6 32. R1e4 Qc6 33. c4 Ra3 34. Qd2 a6 35. c5 Qb5 36. Qc2 f6 37. Re7 Qa5 38. Qc4+ Kh8 39. Re8+ Rxe8 40. Rxe8+ Kg7 41. Kb2 Ra4 42. Re7+ Kh6 43. Qd5 Qb5+ 44. Kc3 f5 45. h3 Ra3+ 46. Kc2 Rxa2+ 47. Qxa2 Qxc5+ 48. Kd2 Qb4+ 49. Kd1 Qxe7 50. Qxa6 Qe3 51. g4 Qxf4 52. gxf5 Qxf5 53. Qa3 Kh5 54. Qg3 g5 55. Ke2 h6 56. Ke3 Qc5+ 57. Ke2 Qf5 58. Ke3 Qe6+ 59. Kf2 Qf6+ 60. Ke2 Qf4 61. Qf3+ Kh4 62. Qg2 h5 63. Kd3 Qg3+ 0-1

[Event "IECG CP-2005-P-00119"]
[Site "IECG email"]
[Date "2005.10.01"]
[Round "?"]
[White "Manarin, Franco"]
[Black "Aguirre, Pedro"]
[Result "0-1"]
[WhiteElo "769"]
[BlackElo "1864"]
[PlyCount "28"]
[EventDate "2005.??.??"]
[EventType "tourn (corr)"]
[EventRounds "6"]
[SourceTitle "Corr 2024"]
[Source "ChessBase"]
[SourceDate "2023.10.19"]
[SourceVersion "1"]
[SourceVersionDate "2023.10.19"]
[SourceQuality "1"]

1. d4 f5 2. Bg5 g6 3. e3 Bg7 4. Nc3 d5 5. Be2 Nf6 6. h4 Ne4 7. Nxe4 fxe4 8. h5 h6 9. Bf4 g5 10. Bg3 c5 11. c3 Qb6 12. Qb3 Qxb3 13. axb3 cxd4 14. exd4 Nc6 0-1